000 00500nam a2200205 a 4500
008
049 _aMAIN
090 _aHG221
100 1 _aHarrod, Roy
245 1 0 _aMoney /
_cRoy Harrod.
260 _aLondon :
_bMacmillan,
_c1969.
300 _axi, 355 p. ;
_c23 cm.
650 0 _aMoney.
650 _aMoney supply.
907 _a.b10060224
_b13-09-04
_c17-04-03
003
005 20230123133824.0
040 _cNUST
942 _cBOOKS
_kHG221
999 _c155222
_d155222